| Поле | Название | Значение |
| |
Тип записи |
a |
| |
Библиографический уровень |
m |
| 001 |
Контрольный номер |
RU/SLIB/B/208753349 |
| 005 |
Дата корректировки |
20201206204141.6 |
| 010 |
Индекс ISBN |
__ |
| a |
ISBN |
963-13-2038-3 (в пер.) |
| d |
Цена |
400-00; 70000-00 |
| 100 |
Данные общей обработки |
__ |
| a |
Данные общей обработки |
19170322d1985||||||| 0rusy0189 ca |
| 101 |
Язык документа |
1_ |
| a |
Язык текста |
rus |
| c |
Язык оригинала |
fre |
| 102 |
Страна публикации |
__ |
| a |
Страна публикации |
ru |
| 105 |
Кодированные данные (монография) |
__ |
| a |
Кодированные данные (монография) |
#|||||||000zy |
| 200 |
Заглавие и сведения об ответственности |
1_ |
| a |
Заглавие |
Фернан Леже |
| e |
Сведения, относящиеся к заглавию |
альбом |
| f |
Первые сведения об ответственности |
Гастон Диль ; [перевод с французского А. Гудименко] |
| b |
Общее обозначение материала |
Текст |
| 210 |
Выходные данные |
__ |
| a |
Место издания |
[Будапешт] |
| c |
Издательство |
Корвина |
| d |
Дата издания |
1985 |
| 215 |
Физическое описание |
__ |
| a |
Объем |
96 с. |
| c |
Иллюстрации/тип воспроизводства |
ил. |
| d |
Формат |
29 см |
| 225 |
Серия |
__ |
| a |
Серия |
Мастера современного искусства |
| 300 |
Общие примечания |
__ |
| a |
Общие примечания |
Тираж не указан |
| 600 |
Персоналии |
__ |
| a |
Персоналии (Фамилия) |
Леже, Ф. |
| c |
Дополнение к имени |
художник французский |
| f |
Даты |
1881-1955 |
| g |
Полное имя |
Фернан |
| 606 |
Тематические рубрики |
__ |
| a |
Основная рубрика |
Изобразительное искусство и архитектура |
| y |
Географическая подрубрика |
Франция |
| 606 |
Тематические рубрики |
__ |
| a |
Основная рубрика |
История живописи |
| 610 |
Ключевые слова |
__ |
| a |
Ключевые слова |
биографии |
| a |
Ключевые слова |
живописцы |
| a |
Ключевые слова |
персоналии |
| a |
Ключевые слова |
творческая деятельность |
| a |
Ключевые слова |
французская живопись |
| a |
Ключевые слова |
французские художники |
| a |
Ключевые слова |
художники |
| 686 |
Индексы других классификаций |
__ |
| 2 |
Код системы |
rubbks |
| a |
Классификационный индекс |
85.143(4Фра)6-8я61 |
| 686 |
Индексы других классификаций |
__ |
| 2 |
Код системы |
rubbks |
| 700 |
Автор |
_1 |
| a |
Фамилия |
Диль |
| b |
Имя |
Г. |
| g |
Полное личное имя |
Гастон |
| 4 |
Код отношения |
070 |
| 702 |
Вторичная интеллектуальная ответственность |
_1 |
| a |
Фамилия |
Гудименко |
| b |
Имя |
А. |
| 4 |
Код отношения |
Переводчик |
| 4 |
Код отношения |
730 |
| 801 |
Источник записи |
_0 |
| a |
Страна |
ru |
| b |
Организация |
Муниципальное бюджетное учреждение культуры "Централизованная библиотечная система" г. Сургут (Центральная городская библиотека им. А. С. Пушкина) |
| c |
Дата составления |
20170322 |
| g |
Правила каталогизации |
КиК/Михайлова; КиК/Лукашук |
| 801 |
Источник записи |
_1 |
| a |
Страна |
ru |
| b |
Организация |
Муниципальное бюджетное учреждение культуры "Централизованная библиотечная система" г. Сургут (Центральная городская библиотека им. А. С. Пушкина) |
| c |
Дата составления |
20170322 |
| g |
Правила каталогизации |
КиК/Михайлова; КиК/Лукашук |
| 852 |
Данные о местонахождении |
__ |
| j |
Шифр хранения |
85.143(4Фра)6-8я61 |
| i |
Авторский знак |
Д 46 |
| p |
Инвентарный номер |
55810 |
| 901 |
Тип документа |
__ |
| t |
Тип документа |
m |
| 903 |
Характеристики (МАРС) |
__ |
| a |
Дата передачи |
20170322 |
| 969 |
Тип издания |
__ |
| a |
Тип издания |
альбом |
| 990 |
Данные о заказе (DOS) |
__ |
| j |
Количество экземпляров (DOS) |
1; 1 |
| t |
N записи в КСУ для И/У (DOS) |
201703 |